Catálogo de la Biblioteca Horacio González - Universidad Nacional de General Sarmiento

Los trabajadores comunitarios (Registro nro. 54194)

Detalles MARC
000 -CABECERA
campo de control de longitud fija 01656ngm a22003250a 4500
001 - NÚMERO DE CONTROL
campo de control PT14893
003 - IDENTIFICADOR DEL NÚMERO DE CONTROL
campo de control AR-LpoUNG
005 - FECHA Y HORA DE LA ÚLTIMA TRANSACCIÓN
campo de control 20210202000139.0
007 - CAMPO FIJO DE DESCRIPCIÓN FÍSICA--INFORMACIÓN GENERAL
campo de control de longitud fija vd cvaizq
008 - DATOS DE LONGITUD FIJA--INFORMACIÓN GENERAL
campo de control de longitud fija 191001ss.f.||||ag |||||||||||||||||spa d
040 ## - FUENTE DE LA CATALOGACIÓN
Centro catalogador/agencia de origen AR-LpoUNG
Lengua de catalogación spa
Centro/agencia transcriptor AR-LpoUNG
Normas de descripción aacr
041 ## - CÓDIGO DE LENGUA
Código de lengua del texto/banda sonora o título independiente spa
044 ## - CÓDIGO DEL PAÍS DE LA ENTIDAD EDITORA/PRODUCTORA
Código MARC del país ag
082 0# - NÚMERO DE LA CLASIFICACIÓN DECIMAL DEWEY
Número de clasificación 306.01 678tra
245 14 - MENCIÓN DE TÍTULO
Título Los trabajadores comunitarios
260 ## - PUBLICACIÓN, DISTRIBUCIÓN, ETC.
Lugar de publicación, distribución, etc. Buenos Aires :
Nombre del editor, distribuidor, etc. SOFOVIAL,
Fecha de publicación, distribución, etc. s.f..
300 ## - DESCRIPCIÓN FÍSICA
Extensión VHS (20 min.) : son., col.
520 ## - SUMARIO, ETC.
Sumario, etc. Durante 1990 un conjunto de militantes sociales, instituciones, agrupaciones vecinales, medios comunitarios de comunicación deciden relatar algunas experiencias solidarias en el marco barrial. Emprenden con SOFOVIAL la etapa de registro videográfico, edición conjunta, visionados con debates y todo lo relativo a la producción de un material disparado para el encuentro y la reflexión de un tema tan relevante como es la participación popular. El desarrollo de este trabajo facilitó riquísimas discusiones e intercambios múltiples entre organizaciones que no habían tenido la oportunidad de conocerse. El producto, más allá del propio video, fue el proceso comunicacional desatados entre decenas de trabajadores comunitarios de la región y la fuerza de este encuentro.
650 #4 - PUNTO DE ACCESO ADICIONAL DE MATERIA--TÉRMINO DE MATERIA
Término de materia o nombre geográfico como elemento de entrada ACUERDOS CULTURALES
650 #4 - PUNTO DE ACCESO ADICIONAL DE MATERIA--TÉRMINO DE MATERIA
Término de materia o nombre geográfico como elemento de entrada ARTE
650 #4 - PUNTO DE ACCESO ADICIONAL DE MATERIA--TÉRMINO DE MATERIA
Término de materia o nombre geográfico como elemento de entrada CULTURA POPULAR
650 #4 - PUNTO DE ACCESO ADICIONAL DE MATERIA--TÉRMINO DE MATERIA
Término de materia o nombre geográfico como elemento de entrada CULTURA TRADICIONAL
650 #4 - PUNTO DE ACCESO ADICIONAL DE MATERIA--TÉRMINO DE MATERIA
Término de materia o nombre geográfico como elemento de entrada SOCIEDAD
650 #4 - PUNTO DE ACCESO ADICIONAL DE MATERIA--TÉRMINO DE MATERIA
Término de materia o nombre geográfico como elemento de entrada SOFOVIAL
653 ## - TÉRMINO DE INDIZACIÓN--NO CONTROLADO
Término no controlado VIDEOS
710 2# - PUNTO DE ACCESO ADICIONAL--NOMBRE DE ENTIDAD CORPORATIVA
Nombre de entidad corporativa o nombre de jurisdicción como elemento de entrada Sociedad de Fomento del Video Alternativo (Buenos Aires)
710 2# - PUNTO DE ACCESO ADICIONAL--NOMBRE DE ENTIDAD CORPORATIVA
Nombre de entidad corporativa o nombre de jurisdicción como elemento de entrada Universidad Nacional de General Sarmiento. Instituto del Conurbano
905 ## - ELEMENTOS DE DATOS E LOCAL, LDE (RLIN)
a 14893
942 ## - ELEMENTOS DE PUNTO DE ACCESO ADICIONAL (KOHA)
Tipo de ítem Koha Video
Existencias
Estado de retiro Estado de pérdida Estado dañado No para préstamo Código de colección Localización permanente Ubicación/localización actual Fecha de adquisición Total de préstamos Signatura topográfica completa Código de barras Fecha visto por última vez Precio válido a partir de Tipo de ítem Koha
        Colección Cine Biblioteca Universidad Nacional de General Sarmiento Biblioteca Universidad Nacional de General Sarmiento 02/02/2021   306.01 678tra 00017444 02/02/2021 02/02/2021 Video